000
00322nam a2200133Ia 4500
005
20260328101519.0
008
260328s9999||||xx |||||||||||||| ||und||
100
_a
Vélez, Antonio
245
0
_a
Pensamiento Creativo /
_c
Antonio Vélez
260
_b
Villegas Editores
300
_a
591 p.
650
_a
TEORÍA
942
_c
BK
999
_c
9519
_d
9519